Statistiche per Top 50 streamer di Twitch Italia

Clicka qui per fare il quiz!

Statistiche generali

  • Questo quiz è stato fatto 105 volte
  • Il punteggio medio è 14 su 50

Statistiche sulle risposte

Nome canaleFollowersCategoria% Corretto
ZanoXVII1,640,421Fifa
92%
Tumblurr1,048,612Just Chatting
88%
TheRealMarzaa1,188,815GTA
81%
POW3R1,922,687Escape from Tarkov
65%
DarioMocciaTwitch414,932Just Chatting
59%
GaBBoDSQ704,609Rainbow Six Siege
57%
GrenBaud866,211Just Chatting
51%
VivaLaFazza353,572LoL
49%
imviolet_633,167ASMR
41%
Delux414,862Escape from Tarkov
39%
Xiuder_1,002,872Fortnite
39%
Homyatol804,272Just Chatting
38%
ChristianVieriOfficial537,441Sports
35%
ilGabbrone541,242Virtual Casino
35%
Cerbero_Podcast342,054Just Chatting
34%
gskianto750,363Just Chatting
32%
LyonWGFLive902,602Escape from Tarkov
31%
Moonryde616,372CoD
31%
NeZaK_550,086Fortnite
30%
Paoloidolo452,011LoL
30%
Sabaku_no_Sutoriimaa241,610Elden Ring
27%
JTaz_200,066Marvel Snap
26%
MatteoHS915,355GTA
26%
Kurolily200,525Genshin Impact
24%
DavidRubino258,967Just Chatting
22%
Yoshi93268,149Fifa
22%
pizfn620,127Fortnite
20%
velox521,721GTA
20%
MarcoMerrino236,427Just Chatting
19%
andreadel1988376,015Just Chatting
18%
Fierik497,826LoL
16%
Yotobi373,396Inscryption
16%
HOLLYWOOD285303,177Fifa
15%
Kroatomist503,228Fortnite
15%
panetty505,215Music
15%
Tuberanza222,635Pokémon
14%
Ivan_Grieco216,377Just Chatting
12%
Prinsipe234,496Fifa
12%
Efesto96549,948Fortnite
11%
Queen_Giorgia370,935Fortnite
9%
Rekinss648,586Valorant
9%
S7ORMyTv494,411CoD
9%
teknoyd317,386GTA
9%
ilpengwin204,026Sports
8%
ItsLomba218,180Valorant
8%
Justees273,533Fifa
8%
TURI270,755Fifa
8%
AyarBaffo466,234Fortnite
7%
Hemerald321,189Pokémon
5%
Canale_Zero309,379Just Chatting
3%

Distribuzione punteggi

Percentile per numero di risposta

Percentuale di utenti per punteggio

I tuoi punteggi nel tempo

Non hai fatto questo quiz